The guinness encyclopedia of the living world (Record no. 15483)

MARC details
000 -LEADER
fixed length control field 00642nam a2200229 i 4500
001 - CONTROL NUMBER
control field C2-0082790
003 - CONTROL NUMBER IDENTIFIER
control field PPAK
005 - DATE AND TIME OF LATEST TRANSACTION
control field 20180727085141.0
008 - FIXED-LENGTH DATA ELEMENTS--GENERAL INFORMATION
fixed length control field 970429s1992 enka|||| ||||| | eng d
020 ## - INTERNATIONAL STANDARD BOOK NUMBER
International Standard Book Number 0851129633
040 ## - CATALOGING SOURCE
Original cataloging agency PPAK
Language of cataloging eng
Transcribing agency PPAK
Description conventions rda
082 04 - DEWEY DECIMAL CLASSIFICATION NUMBER
Classification number 574.03
Edition number 23
090 00 - LOCALLY ASSIGNED LC-TYPE CALL NUMBER (OCLC); LOCAL CALL NUMBER (RLIN)
Classification number (OCLC) (R) ; Classification number, CALL (RLIN) (NR) 574.03
Feature heading GUI
Feature heading R
245 04 - TITLE STATEMENT
Title The guinness encyclopedia of the living world
264 #1 - PRODUCTION, PUBLICATION, DISTRIBUTION, MANUFACTURE, AND COPYRIGHT NOTICE
Place of production, publication, distribution, manufacture Middlesex :
Name of producer, publisher, distributor, manufacturer Guinness Pub. ,
Date of production, publication, distribution, manufacture, or copyright notice 1992
300 ## - PHYSICAL DESCRIPTION
Extent 306 pages :
Other physical details colour illustrations ;
Dimensions 29 cm
336 ## - CONTENT TYPE
Source rdacontent
Content type term text
337 ## - MEDIA TYPE
Source rdamedia
Media type term unmediated
338 ## - CARRIER TYPE
Source rdacarrier
Carrier type term volume
650 10 - SUBJECT ADDED ENTRY--TOPICAL TERM
Topical term or geographic name entry element Biology - Encyclopedias
942 ## - ADDED ENTRY ELEMENTS (KOHA)
-- dc
Koha item type Book
Holdings
Withdrawn Not for loan Current library Shelving location Date acquired Full call number Barcode Date last seen Koha item type Total Checkouts
  Not For Loan Perpustakaan Alor Setar Rujukan Dewasa 30/12/1997 R 574.03 GUI A00101611 08/05/2018 Book  
  Not For Loan Perpustakaan Alor Setar Rujukan Dewasa 30/12/1997 R 574.03 GUI A00101612 08/05/2018 Book  
  Not For Loan Perpustakaan Awam Sungai Petani Rujukan Dewasa 06/04/2004 R 574.03 GUI A00423218 08/05/2018 Book  
  Not For Loan Perpustakaan Jitra Rujukan Dewasa 22/04/2004 R 574.03 GUI A00848868 08/05/2018 Book  
  Not For Loan Perpustakaan Kulim Rujukan Dewasa 08/03/2004 R 574.03 GUI A00342408 08/05/2018 Book  
  Not For Loan Perpustakaan Langkawi Rujukan Dewasa 14/11/2005 R 574.03 GUI A00356717 08/05/2018 Book  
  Not For Loan Perpustakaan Yan Rujukan Dewasa 30/12/1997 R 574.03 GUI A00162724 02/11/2021 Book